Guess the Taylor Swift Song (no hints) 72 - Statistics

General Stats
  • This quiz has been taken 95 times
  • The average score is 452 of 550
Answer Stats
Answer % Correct
a
100%
I
100%
the
100%
The
100%
you
100%
You
100%
me
98%
be
97%
my
97%
your
97%
It
95%
it,
95%
it
95%
we
95%
We
95%
where
95%
in
93%
In
93%
they
93%
to
93%
on
92%
were
92%
we're
92%
(we're
92%
and
90%
And
90%
But
90%
but
90%
I'm
90%
it's
90%
It's
90%
of
90%
Don't
88%
(don't
88%
No,
88%
no
88%
That
88%
"Go,
87%
go,
87%
go!"
87%
He
87%
he
87%
was
87%
win
87%
knew
85%
time
85%
for
83%
from
83%
had
83%
I'd
83%
like
83%
There
83%
best
82%
first
82%
get
82%
never
82%
ever
80%
just
80%
left
80%
love
80%
(oh!)
80%
Think
80%
about
78%
car
78%
car,
78%
didn't
78%
getaway
78%
heart
78%
him,
78%
met
78%
place
78%
us,
78%
us
78%
beat
77%
'Cause
77%
drivin'
77%
Drivin'
77%
leave
77%
nothin'
77%
saw
77%
times,
77%
wanted
77%
far
75%
far,
75%
good
75%
last
75%
now
75%
see
75%
well,
75%
with
75%
mystery
73%
Old
73%
dark
72%
every
72%
fell
72%
flyin',
72%
needed
72%
pretend
72%
pretend)
72%
we'd
72%
worst
72%
after
70%
crimes
70%
reason
70%
shot
70%
side,
70%
side
70%
starts
70%
such
70%
"X"
70%
apart
68%
Bonnie
68%
keys
68%
lyin'
68%
man
68%
mind
68%
money
68%
Said
68%
screamin',
68%
stole
68%
bag
67%
Clyde
67%
cursed
67%
Fashioned,
67%
honey,
67%
marks
67%
match
67%
myself
67%
poisoned
67%
shotgun
67%
spot
67%
traitors
67%
bar
65%
black,
65%
both
65%
candlelight
65%
hit
65%
light
65%
motel
65%
other
65%
Ridin'
65%
ridin'
65%
sorry
65%
sorry)
65%
story,
65%
surprise
65%
weren't
65%
himself
63%
lies
63%
Should've
63%
(should've
63%
sideshow
63%
sirens
63%
three
63%
white
63%
ain't
62%
drinkin'
62%
mean
62%
Put
62%
runnin'
62%
blew
60%
gray
60%
great
60%
jet-set,
60%
shades
60%
thinkin'
60%
break
58%
escape,
58%
face
58%
known
58%
known)
58%
prison
58%
turned
58%
Until
58%
circus
57%
freedom
55%
struck
55%
switched
55%
(oh-oh)
53%
ties
50%
dyin'
48%
cryin'
45%
goodbye
45%
While
37%
oh-oh-oh
27%
oh-oh-ah
15%
No matching quizzes found
Score Distribution
Percent of People with Each Score
Percentile by Number Answered
Your Score History
You have not taken this quiz